000 00820nam a2200265Ia 4500
999 _c51311
_d51311
001 18280
003 GE_BSU
005 20230327121558.0
008 181216s2007||||fr |||||||||||||| ||fre||
020 _a9782090353044
040 _cGE_BSU
080 _a811.133.1(076) I-33
245 _aICI 1 Fichier "Decouvertes" A1 :
_b(fiches detachables) /
_cD. Abry, Y. Daas, C. Fert... ; Edition Virginie Poitrasson.
264 _aParis :
_bCLE International,
_c2007.
300 _a45 p. ;
_c30 cm.
541 _h41 Gel.
653 _afiches detachables
653 _aICI 1. Cahier d'exercices A1
653 _aფრანგული ენა
700 _aAbry, D.
_eby
_912725
700 _aDaas, Y.
_eby
_917197
700 _aFert, C
_eby
_917198
700 _aPoitrasson, Virginie
_eEdition
_912727
942 _cBK
_2udc